The mystery of the Holy Spirit / (Record no. 8692)
[ view plain ]
| 000 -LEADER | |
|---|---|
| fixed length control field | 00898nam a2200289 a 4500 |
| 001 - CONTROL NUMBER | |
| control field | 1510799 |
| 003 - CONTROL NUMBER IDENTIFIER | |
| control field | OSt |
| 005 - DATE AND TIME OF LATEST TRANSACTION | |
| control field | 20140310182036.0 |
| 008 - FIXED-LENGTH DATA ELEMENTS--GENERAL INFORMATION | |
| fixed length control field | 920820s1990 ilu b 000 0 eng d |
| 010 ## - LIBRARY OF CONGRESS CONTROL NUMBER | |
| LC control number | 89051634 |
| 020 ## - INTERNATIONAL STANDARD BOOK NUMBER | |
| International Standard Book Number | 0842346171 |
| 035 ## - SYSTEM CONTROL NUMBER | |
| System control number | (OCoLC)21125916 |
| 040 ## - CATALOGING SOURCE | |
| Original cataloging agency | PPiRPT |
| Transcribing agency | PPiRPT |
| Modifying agency | DLC |
| 042 ## - AUTHENTICATION CODE | |
| Authentication code | lccopycat |
| 050 04 - LIBRARY OF CONGRESS CALL NUMBER | |
| Classification number | BT 121.2 |
| Item number | .Sp771 1990 |
| 082 ## - DEWEY DECIMAL CLASSIFICATION NUMBER | |
| Classification number | HS 231.3 |
| Item number | Sp86 1990 |
| 100 1# - MAIN ENTRY--PERSONAL NAME | |
| Personal name | Sproul, R. C. |
| Fuller form of name | (Robert Charles), |
| Dates associated with a name | 1939- |
| 9 (RLIN) | 10756 |
| 245 14 - TITLE STATEMENT | |
| Title | The mystery of the Holy Spirit / |
| Statement of responsibility, etc | R.C. Sproul. |
| 260 ## - PUBLICATION, DISTRIBUTION, ETC. (IMPRINT) | |
| Place of publication, distribution, etc | Wheaton, Ill. : |
| Name of publisher, distributor, etc | Tyndale House Publishers, |
| Date of publication, distribution, etc | c1990. |
| 300 ## - PHYSICAL DESCRIPTION | |
| Extent | 191 p. : |
| Dimensions | 20 cm. |
| 500 ## - GENERAL NOTE | |
| General note | Includes bibliographical references. |
| 650 #0 - SUBJECT ADDED ENTRY--TOPICAL TERM | |
| Topical term or geographic name as entry element | Holy Spirit. |
| 9 (RLIN) | 10757 |
| 906 ## - LOCAL DATA ELEMENT F, LDF (RLIN) | |
| a | 7 |
| b | cbc |
| c | copycat |
| d | 3 |
| e | ocip |
| f | 19 |
| g | y-gencatlg |
| 942 ## - ADDED ENTRY ELEMENTS (KOHA) | |
| Source of classification or shelving scheme | Library of Congress Classification |
| Koha item type | |
| Withdrawn status | Lost status | Source of classification or shelving scheme | Damaged status | Home library | Current library | Shelving location | Date acquired | Total Checkouts | Full call number | Barcode | Date last seen | Copy number | Price effective from | Koha item type |
|---|---|---|---|---|---|---|---|---|---|---|---|---|---|---|
| Library of Congress Classification | Luxembourg Library | Luxembourg Library | High School Section | 08/15/2013 | BT 121.2 .Sp771 1990 | 4505 | 08/15/2013 | 1 | 08/15/2013 | Books |